000
00324nam a2200157Ia 4500
100
_a
Neuman/R.P
250
_a
2
942
_c
BK
366
_f
15
654
_a
instrument
245
_a
Instrument tranducers
260
_b
Oxford university press
_c
2003
082
_a
621.314
_b
NEU
300
_a
348
546
_a
ENGLISH
999
_c
27382
_d
27382